الأئمة الأربعة : (رقم التسجيلة. 85588)

تفاصيل مارك
000 -LEADER
fixed length control field 00631nam a22001817a 4500
005 - DATE AND TIME OF LATEST TRANSACTION
control field 20251108172655.0
008 - FIXED-LENGTH DATA ELEMENTS--GENERAL INFORMATION
fixed length control field 250721s2001 xx 000 0 ara d
082 14 - DEWEY DECIMAL CLASSIFICATION NUMBER
Classification number 922.71/طيب
100 1# - MAIN ENTRY--PERSONAL NAME
Personal name الطيبي، عكاشة عبد المنان
Relator term مؤلف
245 10 - TITLE STATEMENT
Title الأئمة الأربعة :
Remainder of title الإمام أبو حنيفة ومالك والشافعي وأحمد بن حنبل رحمهم الله /
264 1# - PRODUCTION, PUBLICATION, DISTRIBUTION, MANUFACTURE, AND COPYRIGHT NOTICE
Place of production, publication, distribution, manufacture بيروت :
Name of producer, publisher, distributor, manufacturer دار اليوسف،
Date of production, publication, distribution, manufacture, or copyright notice 2001.
300 ## - PHYSICAL DESCRIPTION
Extent 80ص
650 17 - SUBJECT ADDED ENTRY--TOPICAL TERM
Topical term or geographic name as entry element الإسلام
650 17 - SUBJECT ADDED ENTRY--TOPICAL TERM
Topical term or geographic name as entry element التراجم
650 17 - SUBJECT ADDED ENTRY--TOPICAL TERM
Topical term or geographic name as entry element الفقهاء المسلمون
942 ## - ADDED ENTRY ELEMENTS (KOHA)
Source of classification or shelving scheme Dewey Decimal Classification
Koha item type كتب
المقتنيات
حالة السحب حالة الفقدان مصدر التصنيف حالة التلف غير قابل للإعارة المكتبة الرئيسية المكتبة الحالية موقع الرف تاريخ التزويد الرقم المتسلسل Total Checkouts رقم الإستدعاء تاريخ آخر ظهور تاريخ الفاتورة نوع المادة (كوها) الباركود
    Dewey Decimal Classification     المكتبة المركزية المكتبة المركزية الإعارة 28/07/2025 547264   922.71/طيب 28/07/2025 28/07/2025 كتب 547264
    Dewey Decimal Classification     المكتبة المركزية المكتبة المركزية الإعارة 28/07/2025 547263   922.71/طيب 28/07/2025 28/07/2025 كتب 547263
    Dewey Decimal Classification     المكتبة المركزية المكتبة المركزية الإعارة 27/10/2016 1628856   922.71/طيب 28/07/2025 27/10/2016 كتب PLD00397117
    Dewey Decimal Classification     المكتبة المركزية المكتبة المركزية مقتنيات قسم التزويد 28/07/2025 1740274   922.71/طيب 28/07/2025 28/07/2025 كتب  
    Dewey Decimal Classification     مكتبة أم قصير والمقابلين العامة مكتبة أم قصير والمقابلين العامة الإعارة 28/07/2025 547303   922.71/طيب 28/07/2025 28/07/2025 كتب 547303
    Dewey Decimal Classification     مكتبة الأميرة ايمان العامة مكتبة الأميرة ايمان العامة الإعارة 05/11/2013 547295   922.71/طيب 28/07/2025 05/11/2013 كتب PLD00284826
    Dewey Decimal Classification Unchecked   مكتبة الجويدة مكتبة الجويدة الإعارة 28/07/2025 547299   922.71/طيب 28/07/2025 28/07/2025 كتب  
    Dewey Decimal Classification     مكتبة حمزة العامة مكتبة حمزة العامة الإعارة 28/07/2025 547301   922.71/طيب 28/07/2025 28/07/2025 كتب 547301
Implemented & Customized by: BBB with SCIT (Smart Chains for Information Technology)

Powered by Koha